Introducción al seguro marítimo.

Guardat en:
Dades bibliogràfiques
Autor principal: Ansieta Núñez, Alfonso (autor)
Format: Llibre
Idioma:espanyol
Publicat: Valparaíso, Chile Universitarias 1976
Col·lecció:Publicaciones de la Escuela de Derecho
Matèries:
Etiquetes: Afegir etiqueta
Sense etiquetes, Sigues el primer a etiquetar aquest registre!

MARC

LEADER 00000cam a2200000 a 4500
001 UCU2525
003 CL-VaPUC
005 20220830074157.0
008 960426e19760000CL |||||||||||||||||spa|d
999 |c 246795  |d 246793 
040 |c Pontificia Universidad Católica de Valparaíso 
082 0 4 |a 343.096 ANS 1976  |2 21 
100 0 |a Ansieta Núñez, Alfonso  |e autor  |9 358745 
245 1 0 |a Introducción al seguro marítimo. 
260 0 3 |a Valparaíso, Chile  |b Universitarias  |c 1976 
300 |a 83 páginas 
490 0 |a Publicaciones de la Escuela de Derecho 
583 |a last modification  |c 20150415 05:22:12  |k Rodrigo Vera 
600 0 7 |a BERTELSEN REPETTO, RAUL  |2 CL-VaPUC  |9 358746 
650 0 |a Derecho marítimo  |9 255301 
650 7 |a LEGISLACION  |2 CL-VaPUC  |9 358747 
650 7 |a SEGUROS  |2 CL-VaPUC  |9 358748 
650 7 |a EVALUACION DEL RIESGO  |2 CL-VaPUC  |9 358646 
650 7 |a SEGURO DE ACCIDENTES  |2 CL-VaPUC  |9 358749 
650 0 |a Académicos   |x Pontificia Universidad Católica de Valparaíso (PUCV)  |9 255553 
650 0 |a Archivo histórico PUCV  |9 255554 
942 |c BK  |2 ddc 
945 |d 19960426 00:00:00  |a cmena 
952 |0 0  |1 0  |2 ddc  |4 0  |6 343_096000000000000_ANS_1976  |7 0  |8 A  |9 262020  |a BIBDER  |b BIBDER  |d 2019-11-19  |i 1846930  |o 343.096 ANS 1976  |p 1846930  |r 2023-01-25  |t 4  |w 2019-11-19  |y MX  |k DER 
952 |0 0  |1 0  |2 ddc  |4 0  |6 343_096000000000000_ANS_1976  |7 0  |8 A  |9 262021  |a BIBDER  |b BIBDER  |d 2019-11-19  |i 4840747  |o 343.096 ANS 1976  |p 4840747  |r 2023-01-25  |t 6  |w 2019-11-19  |y MX  |k DER 
952 |0 0  |1 0  |2 ddc  |4 0  |6 343_096000000000000_ANS_1976  |7 1  |8 C_LRYV  |9 262022  |a BIBDER  |b BIBDER  |d 2019-11-19  |i 1954660  |o 343.096 ANS 1976  |p 1954660  |r 2023-01-25  |t 5  |w 2019-11-19  |y BK_X  |k BRV 
952 |0 0  |1 0  |2 ddc  |4 0  |6 343_096000000000000_ANS_1976  |7 0  |8 X  |9 262023  |a FDOBUD  |b FDOBUD  |d 2019-11-19  |i 1082833  |o 343.096 ANS 1976  |p 1082833  |r 2019-11-19  |t 1  |w 2019-11-19  |y BK_X  |k FHP